000 00732nam a2200229 i 4500
001 103069
003 ES-MaACL
005 20250804105438.0
007 t|
008 060110s2005 sp ||||1| spa d
020 _a84-609-6137-0
080 _a327(460:44)(091)
080 _a327(44:460)(091)
100 1 _aEspañol Bouché, Luis,
_d1964-
_947768
245 1 0 _aFranceses en el camino /
_cLuis Español Bouché.
260 _a[Barcelona] :
_bGran Logia de España,
_c[2005]
300 _a175 p. :
_bil. ;
_c24 cm.
651 4 _aEspaña-
_xRelaciones-
_zFrancia-
_vHistoria.
_98464
651 4 _aFrancia-
_xRelaciones-
_zEspaña-
_vHistoria.
_98716
852 _aES-MaACL
_jL-29266
_bR.136661
999 _c103069
_d103069